Minat pelajar tingkatan empat di kawasan Seremban terhadap mata pelajaran Bahasa Tamil /
محفوظ في:
| المؤلف الرئيسي: | |
|---|---|
| التنسيق: | أطروحة كتاب |
| اللغة: | Malay |
| منشور في: |
2005.
|
| الموضوعات: | |
| الوصول للمادة أونلاين: | http://studentsrepo.um.edu.my/id/eprint/939 |
| الوسوم: |
إضافة وسم
لا توجد وسوم, كن أول من يضع وسما على هذه التسجيلة!
|
| LEADER | 00909cam a2200229 a 4500 | ||
|---|---|---|---|
| 001 | u712907 | ||
| 003 | SIRSI | ||
| 008 | 051005s2005 my t 000 0 may m | ||
| 040 | |a UMM | ||
| 043 | |a a-my-ns | ||
| 090 | |a LB7 |b UM 2005 Vas | ||
| 100 | 0 | 0 | |a Vasanta V. Muthiah |
| 245 | 1 | 0 | |a Minat pelajar tingkatan empat di kawasan Seremban terhadap mata pelajaran Bahasa Tamil / |c Vasanta a/p V. Muthiah |
| 260 | |c 2005. | ||
| 300 | |a xiii, 117 leaves : |b ill. ; |c 30 cm. | ||
| 502 | |a Dissertation (M.Ed.) -- Fakulti Pendidikan, Universiti Malaya, 2005. | ||
| 504 | |a Bibliography: leaves 106-108. | ||
| 650 | 0 | |a Tamil language |z Study and teaching (Secondary) |z Negeri Sembilan | |
| 710 | 2 | 0 | |a Universiti Malaya. |b Fakulti Pendidikan. |
| 856 | 4 | 1 | |u http://studentsrepo.um.edu.my/id/eprint/939 |
| 596 | |a 1 | ||
| 999 | |a LB7 UM 2005 VAS |w LC |c 1 |i A511933027 |d 10/8/2019 |e 10/8/2019 |f 31/3/2006 |g 1 |l STACKS |m P01UTAMA |n 47 |r Y |s Y |t TESIS |u 30/3/2006 | ||
